000 00272cam a22001097a 4500
008 180718b xxu||||| |||| 00| 0 eng d
100 _aSharma, Uddyan
245 _aMadhu ji
_cedited by Uddyan Sharma
260 _aLucknow
_bLohia Trust
_c
300 _a397p.
650 _aMadhu ji
999 _c439157
_d439157